| 000 | 00831nam a2200253 a 4500 | ||
|---|---|---|---|
| 001 | 000004166 | ||
| 003 | DO-SdBNP | ||
| 005 | 20240412074202.0 | ||
| 007 | ta | ||
| 008 | 090717s2005 dr c r 000 p spa d | ||
| 020 | _z9993798475 | ||
| 040 |
_aDO-SdBNP _bspa _cBNPHU |
||
| 082 | 4 |
_aRD861.44 _bC322u _222 |
|
| 100 | 1 |
_aCartagena Portalatín, Aída, _d1918-1994 _923557 |
|
| 245 | 1 | 0 |
_aUna mujer está sola : _bselección / _cAída Cartagena Portalatín. |
| 260 |
_aSan Francisco de Macorís, República Dominicana : _bÁngeles de Fierro, _c2005. |
||
| 300 |
_a57 p. : _bretr ; _c18 cm. |
||
| 500 | _aIncluye biografía de la autora (p. 57) | ||
| 590 | _aInventariado, 2018/BT | ||
| 650 | 4 |
_aPoesía dominicana _966 |
|
| 650 | 0 |
_aLiteratura dominicana. _967 |
|
| 910 | _aValidado. Control de calidad. MMOLINA | ||
| 942 |
_2ddc _cLBS1 |
||
| 999 |
_c3982 _d3982 |
||